| 000 | 00345nam a2200145 a 4500 | ||
|---|---|---|---|
| 001 | 5572 | ||
| 003 | CDMR | ||
| 005 | 20151016132401.0 | ||
| 008 | 130130s2000||||||||||||||||||||||||||||d | ||
| 040 |
_aCDMR _bcat _cCPC LLEIDA |
||
| 110 |
_92842 _aUnió Esportiva Lleida |
||
| 245 | 0 | _aSom del Lleida | |
| 260 |
_aLleida _c2000 _bPagès |
||
| 942 |
_cMON _2ddc |
||
| 999 |
_c5572 _d5572 |
||